| 000 | 01354nab a22002297a 4500 | ||
|---|---|---|---|
| 999 |
_c5884 _d5884 |
||
| 003 | OSt | ||
| 005 | 20260109025508.0 | ||
| 008 | 190514b xxu||||| |||| 00| 0 spa d | ||
| 040 | _cPJ | ||
| 100 |
_96766 _aPrevetti García, Mayra |
||
| 245 | 1 | 3 |
_aLa suspensión del ejercicio de la responsabilidad parental como medida de protección integral : _banálisis desde la perspectiva de género sobre la tutela efectiva de los derechos de niños, niñas, adolescentes y mujeres víctimas de violencia / _cMayra Prevetti García. |
| 300 | _ap. 160-165 | ||
| 505 | _aSumario: I. Introducción.— II. La suspensión del ejercicio de la responsabilidad parental.— III. Sanción de la ley 27.363: necesaria incorporación de la perspectiva de género.— IV. La implementación del inc. e) del art. 702 del Cód. Civ. y Com. en procesos de familia.— V. Estrategias para evitar la revictimización. | ||
| 505 | _tSi te interesa el texto, comunicate a koha@justierradelfuego.gov.ar | ||
| 650 | 0 |
_9967 _aDERECHO DE FAMILIA |
|
| 650 | 0 |
_91134 _aVIOLENCIA FAMILIAR |
|
| 650 | 0 |
_94044 _aPERSPECTIVA DE GÉNERO |
|
| 650 | 0 |
_96355 _aSUSPENSION DE LA RESPONSABILIDAD PARENTAL |
|
| 650 | 0 |
_94097 _aINTERES SUPERIOR DEL NIÑO |
|
| 773 | 0 |
_02844 _93222 _dBuenos Aires : AbeledoPerrot, 1989- _tDerecho de familia. N° 121 - Septiembre 2025 _z18511201 |
|
| 942 |
_2udc _cANA |
||